000 00343 a2200157 4500
001 57145
020 _a8516035050
040 _cAnchieta - Pituba
100 _aBelinky, Tatiana
240 1 0 _aTransplante de menina
_lpor
245 1 0 _aTransplante de menina
300 _a160
362 0 _a2003
650 4 _aLiteratura juvenil
942 _cBK
999 _c57145
_d57145